Ajuste contable por inflación (Registro nro. 2087)
[ vista simple ]
| 000 -LEADER | |
|---|---|
| fixed length control field | 01076 a2200217 4500 |
| 001 - CONTROL NUMBER | |
| control field | 30289 |
| 005 - DATE AND TIME OF LATEST TRANSACTION | |
| control field | 20260407155615.0 |
| 008 - FIXED-LENGTH DATA ELEMENTS--GENERAL INFORMATION | |
| fixed length control field | 260407a1983 arg spa d |
| 003 - CONTROL NUMBER IDENTIFIER | |
| control field | AR-UNSa-BCEJYS |
| 040 ## - CATALOGING SOURCE | |
| Original cataloging agency | AR-UNSa-BCEJYS |
| Language of cataloging | spa |
| Transcribing agency | AR-UNSa-BCEJYS |
| 080 ## - UNIVERSAL DECIMAL CLASSIFICATION NUMBER | |
| Universal Decimal Classification number | 657.23 |
| Common auxiliary subdivision | Compensaciones. Correcciones. Ajustes (devaluación monetaria) |
| 020 ## - INTERNATIONAL STANDARD BOOK NUMBER | |
| International Standard Book Number | 950-0109-20-4 |
| 100 1# - MAIN ENTRY--PERSONAL NAME | |
| Personal name | Brojt, David |
| 245 10 - TITLE STATEMENT | |
| Title | Ajuste contable por inflación |
| Name of part/section of a work | desarrollo teórico- práctico del método y de las normas profesionales y legales que lo regulan |
| 250 ## - EDITION STATEMENT | |
| Edition statement | 3a. ed |
| 264 #1 - PRODUCTION, PUBLICATION, DISTRIBUTION, MANUFACTURE, AND COPYRIGHT NOTICE | |
| Place of production, publication, distribution, manufacture | Buenos Aires : |
| Name of producer, publisher, distributor, manufacturer | Tesis |
| Date of production, publication, distribution, manufacture, or copyright notice | 1983 |
| 300 ## - PHYSICAL DESCRIPTION | |
| Extent | 228 p. |
| Dimensions | 23 cm. |
| 505 ## - FORMATTED CONTENTS NOTE | |
| Formatted contents note | 1. Introducción: contabilidad e inflación - 2. Normas profesionales y legales que regulan la presentación de estados contables ajustados por inflación - 3. Ajuste integral: aspectos generales - 4. Ajuste integral: aspectos particulares - 5. Método simplificado para el ajuste integral de los estados contables - 6. Otras consideraciones - 7. Caso práctico completo |
| 590 ## - LOCAL NOTE (RLIN) | |
| Local note | niveau_biblio:m niveau_hierar:0 |
| 942 ## - ADDED ENTRY ELEMENTS (KOHA) | |
| Koha item type | |
| Withdrawn status | Lost status | Damaged status | Not for loan | Home library | Current library | Shelving location | Date acquired | Total checkouts | Full call number | Barcode | Date last seen | Price effective from | Koha item type |
|---|---|---|---|---|---|---|---|---|---|---|---|---|---|
| Biblioteca Prof. Eusebio Cleto del Rey | Biblioteca Prof. Eusebio Cleto del Rey | 07/04/2026 | 657.23 B863 3ed. | L44378 | 07/04/2026 | 07/04/2026 | Libro | ||||||
| Biblioteca Prof. Eusebio Cleto del Rey | Biblioteca Prof. Eusebio Cleto del Rey | 07/04/2026 | 657.23 B863 3ed. | L44379 | 07/04/2026 | 07/04/2026 | Libro |